The tragic sense of life in men and nations / (Record no. 29675)
[ view plain ]
| 000 -LEADER | |
|---|---|
| fixed length control field | 01556cam a2200361 a 4500 |
| 001 - CONTROL NUMBER | |
| control field | 29675 |
| 003 - CONTROL NUMBER IDENTIFIER | |
| rucl marc code | BD-RjUL |
| 005 - DATE AND TIME OF LATEST TRANSACTION | |
| control field | 20211209051437.0 |
| 008 - FIXED-LENGTH DATA ELEMENTS--GENERAL INFORMATION | |
| fixed length control field | 140406s1972 nju b 001 0 eng |
| 035 ## - SYSTEM CONTROL NUMBER | |
| System control number | (BD-RjUL)29760 |
| 040 ## - CATALOGING SOURCE | |
| Original cataloging agency | DLC |
| Transcribing agency | DLC |
| Modifying agency | DLC |
| -- | BD-RjUL |
| Language of cataloging | eng |
| 041 1# - LANGUAGE CODE | |
| Language code of text/sound track or separate title | eng |
| Language code of original | spa |
| 082 00 - DEWEY DECIMAL CLASSIFICATION NUMBER | |
| Classification number | 196.1 |
| Edition number | 19 |
| Author mark and year | UNT 1972 |
| 100 1# - MAIN ENTRY--PERSONAL NAME | |
| Personal name | Unamuno, Miguel de, |
| Dates associated with a name | 1864-1936. |
| 9 (RLIN) | 90383 |
| 245 14 - TITLE STATEMENT | |
| Title | The tragic sense of life in men and nations / |
| Statement of responsibility, etc. | Miguel de Unamuno ; translated by Anthony Kerrigan ; with an introduction by Salvador de Madariaga and an afterword by William Barrett ; edited and annotated by Anthony Kerrigan and Martin Nozick. |
| 260 ## - PUBLICATION, DISTRIBUTION, ETC. (IMPRINT) | |
| Place of publication, distribution, etc. | Princeton, N.J. : |
| Name of publisher, distributor, etc. | Princeton University Press, |
| Date of publication, distribution, etc. | c1972. |
| 300 ## - PHYSICAL DESCRIPTION | |
| Pagination | xlvi, 528 p. ; |
| Size | 21 cm. |
| 490 1# - SERIES STATEMENT | |
| Series statement | Selected works of Miguel de Unamuno ; |
| Volume/sequential designation | v. 4 |
| 500 ## - GENERAL NOTE | |
| General note | Translation of Del sentimiento trágico de la vida. |
| 504 ## - BIBLIOGRAPHY, ETC. NOTE | |
| Bibliography, etc | Includes bibliographical references and index. |
| 650 #0 - SUBJECT ADDED ENTRY--TOPICAL TERM | |
| Topical term or geographic name as entry element | Immortality |
| General subdivision | Christianity. |
| 9 (RLIN) | 90386 |
| Topical term or geographic name as entry element | Faith and reason |
| General subdivision | Christianity. |
| 9 (RLIN) | 90387 |
| Topical term or geographic name as entry element | Tragic, The |
| General subdivision | Religious aspects |
| -- | Christianity. |
| 9 (RLIN) | 90388 |
| 700 1# - ADDED ENTRY--PERSONAL NAME | |
| Personal name | Kerrigan, Anthony. |
| Personal name | Nozick, Martin, |
| Dates associated with a name | 1917- |
| 856 42 - ELECTRONIC LOCATION AND ACCESS | |
| Materials specified | Publisher description |
| Uniform Resource Identifier | <a href="http://www.loc.gov/catdir/description/prin021/81470086.html">http://www.loc.gov/catdir/description/prin021/81470086.html</a> |
| 942 ## - ADDED ENTRY ELEMENTS (KOHA) | |
| Source of classification or shelving scheme | Dewey Decimal Classification |
| Koha item type | Books |
| Lost status | Source of classification or shelving scheme | Damaged status | Not for loan | Collection code | Permanent Location | Current Location | Shelving location | Date acquired | Source of acquisition | Cost, normal purchase price | Total Checkouts | Full call number | Date last seen | Date checked out | Copy number | Koha item type |
|---|---|---|---|---|---|---|---|---|---|---|---|---|---|---|---|---|
| Dewey Decimal Classification | Non-fiction | Central Library, University of Rajshahi | Central Library, University of Rajshahi | 11/07/1977 | Heffers and sons | 0.00 | 1 | 196.1 UNT 1972 | 20/11/2022 | 03/11/2022 | C-3 | Books |